00903nam a2200217 a 450000100100000000500170001000800410002704000250006804100390009308200190013210000210015124000550017224501340022726001080036130000210046953400800049050000220057065000340059265000260062670000330065200002612620200930024326.0110301s1972 mx r 001 0 spa d aDO-SdBNPbspacBNPHU17aspaheng2Código de idiomas MARC a658.153bW458p1 aWelsch, Glenn A.10aBudgeting: Profit planning and control.lEspañol10aPresupuestos :bplanificación y control de las utilidades /cGlenn A. Welsch ; traducción de Manuel de J. Fernández Cepero. aMéxico, D. F. :bCentro Regional de Ayuda Técnica. Agencia para el Desarrollo Internacional,c1972. a696 p. ;c23 cm. aTítulo de esta obra en inglés :tBudgeting: Profit planning and control aIncluye índice. 4aPresupuesto (empresa privada) 4aPolítica financiera1 aFernández Cepero, J.,etr.